| 000 | 01224nam0a22002771 4500 | ||
|---|---|---|---|
| 001 | rc\3731998 | ||
| 005 | 20250610065532.0 | ||
| 021 |
_aRU _bП1819-73 |
||
| 035 | _a(NLR Aleph) 007779975 | ||
| 090 |
_a7558725 _c7558725 |
||
| 100 | _a20130115d1973 |||y0rusy50 ca | ||
| 101 | 0 | _arus | |
| 102 | _aRU | ||
| 105 | _aa z ||||| | ||
| 200 | 1 |
_aСовершенствование конструкций пути и стрелочных переводов _e[Сборник статей] _fПод общ. ред. д-ра техн. наук проф. В.Г. Альбрехта |
|
| 210 |
_aМосква _cТранспорт _d1973 |
||
| 215 |
_a206 с. _cил. _d23 |
||
| 225 | 1 |
_aТруды Всесоюзного научно-исследовательского института железнодорожного транспорта _vВып. 501 |
|
| 320 | _aБиблиогр. в конце статей | ||
| 702 | 1 |
_4340 _aАльбрехт _bВ. Г. _cд-р техн. наук, ж.-д. транспорт _f1916-2004 _gВладимир Георгиевич _9154509 _3RU\NLR\AUTH\770154547 |
|
| 801 | 0 |
_aRU _bNLR _gpsbo |
|
| 801 | 1 |
_aRU _bELAR _2rusmarc |
|
| 852 |
_aNLR _jП10/598 |
||
| 942 | _cBOOK | ||
| 980 | _aNB | ||